000 00463nam a2200181Ia 4500
001 25021
005 20260414151122.0
008 260414t2007||||xx |||||||||||||| ||spa||
041 _aESP
082 _a346.1
_bL45
100 _aLeón, Leysser L.
_eAUT
245 0 _aEl problema jurídico de la manipulación de información personal
_b
260 _c2007
300 _a431 páginas :
_c21 cm.
650 _aDER
654 _aCDE
942 _cLIB
_dJUS
_fJUS
_2ddc
_n
999 _c25021
_d25021